| 000 | 01041nam a2200325Ia 4500 | ||
|---|---|---|---|
| 001 | 53109 | ||
| 003 | IT-RoPAU | ||
| 008 | 130308s9999 xx 000 0 und d | ||
| 040 | _aIT-RoPAU | ||
| 040 | _cIT-RoPAU | ||
| 041 | _aITALIANO | ||
| 100 | _aAA.VV. | ||
| 100 | _gCodice Aut. SPICS: 12000 | ||
| 245 | _aEmporium e l'istituto italiano d'arti grafiche 1895-1915 | ||
| 245 | _bEmporium e L'Istituto Italiano d'arti grafiche 1895-1915 | ||
| 250 | _a1a ed. | ||
| 260 | _aBERGAMO | ||
| 260 | _bNuovo Ist. It. D'Arti Grafiche | ||
| 260 | _c1985 [1° Ed.:1985 - Ed.Ling.Originale:1985] | ||
| 300 | _a"304 p. (prefazione: no ; testo: 304)" | ||
| 500 | _aUna rivista un Editore Novant'Anni della rivista Emporium Istituto Italiano d'arti grafiche cartellone pubblicitario contributi di Autori Vari | ||
| 650 | _aSTORIA NAZIONALE DELL'EDITORIA | ||
| 650 | _eCodice materia Spics: 6609 | ||
| 700 | _aMirandola Giorgio | ||
| 700 | _gCodice Aut. SPICS: 19860 | ||
| 942 | _cBK | ||
| 957 | _71 | ||
| 999 |
_c69799 _d69799 |
||
| 999 | _bSI | ||
| 999 | _g1 | ||